000 00593nam a2200217Ii 4500
001 14645
003 CO-ViMGA
008 241108s9999||||xx |||||||||||||| ||und||
020 _a9589747736
040 _aCO-ViMGA
_bspa
_erda
_cCO-ViMGA
041 0 _aspa
082 0 4 _a398.2320 R65c
100 1 _aFlor Romero
_946894
245 1 0 _aCuentos ecológicos
264 1 _aBogotá, Colombia : Uneda, 2005
300 _avolumen
336 _atext
_btxt
_2rdacontent
337 _aunmediated
_bn
_2rdamedia
338 _avolume
_bnc
_2rdacarrier
940 _aidficha_siabuc: 14337. -- ficha_no_siabuc:14645
999 _c41470
_d41470